|
|
|
|
| LEADER |
00000naa2a2200000 4500 |
| 001 |
635311 |
| 005 |
20240220135005.0 |
| 035 |
|
|
|a (RuTPU)RU\TPU\conf\37157
|
| 035 |
|
|
|a RU\TPU\conf\37156
|
| 090 |
|
|
|a 635311
|
| 100 |
|
|
|a 20221222d2022 k y0rusy50 ca
|
| 101 |
0 |
|
|a rus
|
| 102 |
|
|
|a RU
|
| 105 |
|
|
|a y z 101zy
|
| 135 |
|
|
|a drgn ---uucaa
|
| 181 |
|
0 |
|a i
|
| 182 |
|
0 |
|a b
|
| 200 |
1 |
|
|a Границы и структура русскоязычной терминосистемы «Химия нефти»: постановка проблемы
|f И. О. Краевская, К. Б. Кривцова
|
| 203 |
|
|
|a Текст
|c электронный
|
| 225 |
1 |
|
|a Дискурсивные исследования инженерной коммуникации
|
| 300 |
|
|
|a Заглавие с экрана
|
| 320 |
|
|
|a [Библиогр.: с. 462-463 (10 назв.)]
|
| 330 |
|
|
|a В статье предпринимается попытка выделить терминосистему «Химия нефти» в русском языке, а также описать ее границы и структуру. Данный раздел науки рефлексируется специалистами как самостоятельный, однако на сегодняшний день отсутствуют работы по описанию его терминосистемы.
|
| 463 |
|
0 |
|0 (RuTPU)RU\TPU\conf\37057
|t Язык. Общество. Образование
|o сборник научных трудов III Международной научно-практической конференции "Лингвистические и культурологические аспекты современного инженерного образования", Томск, 10-12 ноября 2022 г.
|f Национальный исследовательский Томский политехнический университет (ТПУ); гл. ред. Ю. В. Кобенко
|v [С. 459-463]
|d 2022
|
| 610 |
1 |
|
|a электронный ресурс
|
| 610 |
1 |
|
|a труды учёных ТПУ
|
| 610 |
1 |
|
|a термины
|
| 610 |
1 |
|
|a терминология
|
| 610 |
1 |
|
|a терминосистемы
|
| 610 |
1 |
|
|a русский язык
|
| 610 |
1 |
|
|a химия
|
| 610 |
1 |
|
|a нефти
|
| 610 |
1 |
|
|a когнитивный анализ
|
| 610 |
1 |
|
|a структура
|
| 700 |
|
1 |
|a Краевская
|b И. О.
|c лингвист
|c доцент Томского политехнического университета, кандидат педагогических наук
|f 1993-
|g Ирина Олеговна
|3 (RuTPU)RU\TPU\pers\46785
|9 22421
|
| 701 |
|
1 |
|a Кривцова
|b К. Б.
|c химик
|c инженер Томского политехнического университета
|f 1988-
|g Ксения Борисовна
|3 (RuTPU)RU\TPU\pers\39078
|
| 712 |
0 |
2 |
|a Национальный исследовательский Томский политехнический университет
|b Школа базовой инженерной подготовки
|b Отделение иностранных языков
|3 (RuTPU)RU\TPU\col\23510
|
| 712 |
0 |
2 |
|a Национальный исследовательский Томский политехнический университет
|b Инженерная школа природных ресурсов
|b Отделение химической инженерии
|3 (RuTPU)RU\TPU\col\23513
|
| 801 |
|
2 |
|a RU
|b 63413507
|c 20221226
|g RCR
|
| 856 |
4 |
|
|u http://earchive.tpu.ru/handle/11683/74287
|
| 942 |
|
|
|c BK
|